00472nam a2200193 a 4500001001300000003000900013005001700022008004100039020001000080082001600090100001200106245002800118260003800146300000800184500003500192505001200227650002700239700001200266nice12345678IN_TiNIC20260116011527.0050524s1934 ista grp 000 0 eng  ac10000a922.97bHUR aHuri, S aHapishane Ler Kahramani aIstanbulbSelamet Matbaasi.c1934 a59p aincludes index and biblioraphy2 aTurkish aHapishaneler Kahrumani1 aHuri, S